ORDINARY AND PARTIAL DIFFERENTIAL EQUATIONS (Record no. 25210)
[ view plain ]
| 000 -LEADER | |
|---|---|
| fixed length control field | 00327nam a22001457a 4500 |
| 003 - CONTROL NUMBER IDENTIFIER | |
| control field | SGT |
| 020 ## - INTERNATIONAL STANDARD BOOK NUMBER | |
| International Standard Book Number | 9789352836109 |
| 082 ## - DEWEY DECIMAL CLASSIFICATION NUMBER | |
| Classification number | 515.35 |
| Item number | RAI |
| 100 ## - MAIN ENTRY--PERSONAL NAME | |
| Personal name | RAISINGHANIA MD |
| 245 ## - TITLE STATEMENT | |
| Title | ORDINARY AND PARTIAL DIFFERENTIAL EQUATIONS |
| 250 ## - EDITION STATEMENT | |
| Edition statement | 20 |
| 260 ## - PUBLICATION, DISTRIBUTION, ETC. (IMPRINT) | |
| Place of publication, distribution, etc | DELHI |
| Name of publisher, distributor, etc | S CHAND |
| Year of Publication | 2022 |
| 300 ## - PAGE DESCRIPTION | |
| No. of Pages | 11.8 |
| 942 ## - ADDED ENTRY ELEMENTS (KOHA) | |
| Source of classification or shelving scheme | Dewey Decimal Classification |
| Koha item type | Books |
| 942 ## - ADDED ENTRY ELEMENTS (KOHA) | |
| -- | 27 |
| Withdrawn status | Lost status | Source of classification or shelving scheme | Damaged status | Not for loan | Collection code | Home library | Current library | Shelving location | Date acquired | Vendor Name | Cost, normal purchase price | SGTU | Bill Number | Total Checkouts | Full call number | Accession No. (Barcode) | Date last seen | Date last borrowed | Bill Date | Koha item type |
|---|---|---|---|---|---|---|---|---|---|---|---|---|---|---|---|---|---|---|---|---|
| Dewey Decimal Classification | SCIENCE | SGT Science & Social Sciences Library | SGT Science & Social Sciences Library | Text Book | 17/10/2023 | AHUJA | 749.00 | SGTU | 17510 | 12 | 515.35 RAI | PS6980 | 17/06/2025 | 12/06/2025 | 30/09/2023 | Books | ||||
| Dewey Decimal Classification | SCIENCE | SGT Science & Social Sciences Library | SGT Science & Social Sciences Library | Text Book | 17/10/2023 | AHUJA | 749.00 | SGTU | 17510 | 7 | 515.35 RAI | PS6981 | 14/06/2025 | 28/05/2025 | 30/09/2023 | Books | ||||
| Dewey Decimal Classification | SCIENCE | SGT Science & Social Sciences Library | SGT Science & Social Sciences Library | Text Book | 17/10/2023 | AHUJA | 749.00 | SGTU | 17510 | 14 | 515.35 RAI | PS6982 | 17/06/2025 | 05/06/2025 | 30/09/2023 | Books | ||||
| Dewey Decimal Classification | SCIENCE | SGT Science & Social Sciences Library | SGT Science & Social Sciences Library | Text Book | 17/10/2023 | AHUJA | 749.00 | SGTU | 17510 | 11 | 515.35 RAI | PS6983 | 14/06/2025 | 03/06/2025 | 30/09/2023 | Books | ||||
| Dewey Decimal Classification | SCIENCE | SGT Science & Social Sciences Library | SGT Science & Social Sciences Library | Text Book | 17/10/2023 | AHUJA | 749.00 | SGTU | 17510 | 9 | 515.35 RAI | PS6984 | 14/06/2025 | 03/06/2025 | 30/09/2023 | Books |